Blitz: US Cities A-Z Quiz Stats

 Plays Quiz Updated Nov 8, 2016

Challenge
Share
Tweet
Embed
Score 0/22 Timer 02:00
0 Plays Today
Starting Letter City % Correct
BBaltimore, Boston, Bakersfield...
94.9%
DDallas, Detroit, Denver...
93.7%
AAustin, Atlanta, Albuquerque...
91.9%
CChicago, Columbus, Charlotte...
90.8%
NNew York, Nashville, New Orleans
90.6%
SSan Antonio, San Diego, San Jose...
89.5%
LLos Angeles, Las Vegas, Louisville...
88.2%
PPhoenix, Philadelphia, Portland...
82.4%
MMemphis, Milwaukee, Mesa...
81.1%
HHouston, Honolulu, Henderson...
73.2%
OOklahoma City, Omaha, Oakland...
71%
Starting Letter City % Correct
IIndianapolis, Irvine, Irving
62.8%
WWashington, DC, Wichita, Winston-Salem
61.6%
JJacksonville, Jersey City
60.7%
RRaleigh, Riverside, Reno...
57.5%
KKansas City
52.4%
TTucson, Tulsa, Tampa...
51.7%
FFort Worth, Fresno, Fort Wayne...
38.1%
EEl Paso
26.1%
GGlendale, Greensboro, Garland...
21.2%
VVirginia Beach
20.7%
YYonkers
16.5%

You're not logged in!

Compare scores with friends on all Sporcle quizzes.
Join for Free
OR
Log In

You Might Also Like...

Show Comments

Extras

Top Quizzes Today


Score Distribution

Your Account Isn't Verified!

In order to create a playlist on Sporcle, you need to verify the email address you used during registration. Go to your Sporcle Settings to finish the process.

Report this User

Report this user for behavior that violates our Community Guidelines.

Details: